[Event "WYCC Open U18"]
[Site "Porto Carras"]
[Date "2015.10.26"]
[Round "2.3"]
[White "Yuffa, Daniil"]
[Black "Khodashenas, Mersad"]
[Result "1/2-1/2"]
[BlackElo "2350"]
[WhiteElo "2485"]
[LiveChessVersion "1.4.6"]

1. d4 {[%clk 1:30:55]} Nf6 {[%clk 1:30:54]} 2. c4 {[%clk 1:31:21]} e6
{[%clk 1:31:19]} 3. Nf3 {[%clk 1:31:48]} b6 {[%clk 1:31:43]} 4. g3
{[%clk 1:32:13]} Ba6 {[%clk 1:32:07]} 5. b3 {[%clk 1:32:38]} Bb4+
{[%clk 1:32:33]} 6. Bd2 {[%clk 1:33:03]} Be7 {[%clk 1:32:57]} 7. Bg2
{[%clk 1:33:27]} c6 {[%clk 1:33:15]} 8. O-O {[%clk 1:32:52]} d5 {[%clk 1:33:22]}
9. Qc2 {[%clk 1:32:52]} Nbd7 {[%clk 1:29:41]} 10. Rd1 {[%clk 1:31:07]} Rc8
{[%clk 1:25:51]} 11. Nc3 {[%clk 1:25:00]} dxc4 {[%clk 1:18:16]} 12. e4
{[%clk 1:24:40]} O-O {[%clk 1:15:15]} 13. e5 {[%clk 1:23:07]} Nd5
{[%clk 1:08:22]} 14. Ne4 {[%clk 1:20:45]} cxb3 {[%clk 0:58:30]} 15. axb3
{[%clk 1:21:03]} Be2 {[%clk 0:58:58]} 16. Neg5 {[%clk 1:20:11]} g6
{[%clk 0:58:31]} 17. Re1 {[%clk 1:17:11]} Bxf3 {[%clk 0:58:48]} 18. Nxf3
{[%clk 1:17:36]} a5 {[%clk 0:58:24]} 19. Bh6 {[%clk 1:16:58]} Re8
{[%clk 0:55:25]} 20. Qe4 {[%clk 1:14:50]} Bf8 {[%clk 0:30:43]} 21. Bg5
{[%clk 1:13:49]} Be7 {[%clk 0:29:37]} 22. Bh6 {[%clk 1:13:13]} b5
{[%clk 0:24:23]} 23. Qg4 {[%clk 1:11:27]} Bf8 {[%clk 0:19:26]} 24. Qh3
{[%clk 1:08:23]} Bg7 {[%clk 0:16:35]} 25. Ng5 {[%clk 1:02:52]} Nf8
{[%clk 0:17:04]} 26. Ne4 {[%clk 1:01:50]} Ra8 {[%clk 0:15:26]} 27. Nd6
{[%clk 0:54:10]} Re7 {[%clk 0:14:49]} 28. Bg5 {[%clk 0:48:15]} f6
{[%clk 0:14:16]} 29. exf6 {[%clk 0:42:41]} Bxf6 {[%clk 0:14:45]} 30. Bxf6
{[%clk 0:42:13]} Nxf6 {[%clk 0:15:01]} 31. Bxc6 {[%clk 0:40:19]} Ra6
{[%clk 0:14:37]} 32. Ne4 {[%clk 0:38:55]} Nxe4 {[%clk 0:14:31]} 33. Bxe4
{[%clk 0:39:19]} Qxd4 {[%clk 0:14:55]} 34. Rad1 {[%clk 0:39:37]} Qb4
{[%clk 0:12:44]} 35. Qf1 {[%clk 0:34:58]} Rb6 {[%clk 0:07:26]} 36. Qd3
{[%clk 0:29:44]} Rd7 {[%clk 0:06:52]} 37. Qe3 {[%clk 0:29:45]} Rbd6
{[%clk 0:05:50]} 38. Rc1 {[%clk 0:29:57]} Rd2 {[%clk 0:02:30]} 39. h4
{[%clk 0:18:36]} Rf7 {[%clk 0:01:36]} 40. Re2 {[%clk 0:48:35]} Rxe2
{[%clk 0:30:53]} 41. Qxe2 {[%clk 0:49:02]} a4 {[%clk 0:19:26]} 42. bxa4
{[%clk 0:49:20]} bxa4 {[%clk 0:19:54]} 43. Qc4 {[%clk 0:40:17]} Qa5
{[%clk 0:11:21]} 44. Qc3 {[%clk 0:34:13]} Qb5 {[%clk 0:05:41]} 45. Qc4
{[%clk 0:30:25]} Qxc4 {[%clk 0:05:46]} 46. Rxc4 {[%clk 0:30:52]} Ra7
{[%clk 0:06:10]} 47. Bb1 {[%clk 0:30:24]} Kf7 {[%clk 0:05:06]} 48. Ba2
{[%clk 0:30:03]} Ke7 {[%clk 0:04:25]} 49. Rc8 {[%clk 0:28:43]} Ra6
{[%clk 0:04:02]} 50. g4 {[%clk 0:27:19]} Rb6 {[%clk 0:03:28]} 51. Rc4
{[%clk 0:27:20]} Ra6 {[%clk 0:03:56]} 52. Rc8 {[%clk 0:27:37]} a3
{[%clk 0:04:02]} 53. Kg2 {[%clk 0:27:27]} h5 {[%clk 0:01:51]} 54. g5
{[%clk 0:22:00]} Nd7 {[%clk 0:00:40]} 55. Kg3 {[%clk 0:21:52]} Rd6
{[%clk 0:00:35]} 56. Rc3 {[%clk 0:22:07]} Ra6 {[%clk 0:01:04]} 57. Rc8
{[%clk 0:22:32]} Ne5 {[%clk 0:00:42]} 58. f3 {[%clk 0:16:53]} Rc6
{[%clk 0:00:34]} 59. Ra8 {[%clk 0:16:02]} Rc3 {[%clk 0:00:54]} 60. Ra7+
{[%clk 0:15:01]} Kd6 {[%clk 0:01:15]} 61. Ra6+ {[%clk 0:15:11]} Kc5
{[%clk 0:00:39]} 62. Ra5+ {[%clk 0:14:17]} Kd4 {[%clk 0:00:38]} 63. Ra4+
{[%clk 0:14:41]} Kc5 {[%clk 0:00:55]} 64. Ra5+ {[%clk 0:15:08]} Kd6
{[%clk 0:00:50]} 65. Ra6+ {[%clk 0:15:25]} Kc7 {[%clk 0:01:19]} 66. Bxe6
{[%clk 0:14:00]} Nxf3 {[%clk 0:00:39]} 67. Bd5 {[%clk 0:14:13]} Nxg5+
{[%clk 0:00:36]} 68. Kf4 {[%clk 0:14:29]} Nh3+ {[%clk 0:00:47]} 69. Ke5
{[%clk 0:14:50]} g5 {[%clk 0:00:42]} 70. Kd4 {[%clk 0:14:08]} Rg3
{[%clk 0:00:41]} 71. Kc5 {[%clk 0:12:47]} Rc3+ {[%clk 0:00:59]} 72. Kd4
{[%clk 0:12:52]} Rg3 {[%clk 0:01:27]} 73. Kc5 {[%clk 0:13:16]} Rc3+
{[%clk 0:00:40]} 1/2-1/2

[Event "WYCC Open U18"]
[Site "Porto Carras"]
[Date "2015.10.26"]
[Round "2.4"]
[White "Di Giannantonio, Nino"]
[Black "Harutyunian, Tigran K."]
[Result "1/2-1/2"]
[BlackElo "2459"]
[WhiteElo "2349"]
[LiveChessVersion "1.4.6"]

1. e4 {[%clk 1:30:57]} e5 {[%clk 1:30:43]} 2. Nf3 {[%clk 1:31:14]} Nc6
{[%clk 1:31:05]} 3. Bb5 {[%clk 1:31:23]} Nf6 {[%clk 1:31:02]} 4. d3
{[%clk 1:31:33]} Bc5 {[%clk 1:31:17]} 5. Bxc6 {[%clk 1:31:08]} dxc6
{[%clk 1:31:26]} 6. Nbd2 {[%clk 1:31:11]} Nd7 {[%clk 1:29:49]} 7. Nb3
{[%clk 1:27:21]} Bd6 {[%clk 1:28:34]} 8. Na5 {[%clk 1:26:36]} O-O
{[%clk 1:24:58]} 9. O-O {[%clk 1:24:54]} Re8 {[%clk 1:25:01]} 10. Bd2
{[%clk 1:07:52]} Nf8 {[%clk 1:20:34]} 11. Nc4 {[%clk 0:57:40]} Bg4
{[%clk 1:13:55]} 12. h3 {[%clk 0:54:13]} Bh5 {[%clk 1:14:13]} 13. g4
{[%clk 0:50:53]} Bg6 {[%clk 1:14:21]} 14. Ne1 {[%clk 0:47:03]} f6
{[%clk 1:09:53]} 15. Ng2 {[%clk 0:41:13]} Bf7 {[%clk 1:09:36]} 16. b3
{[%clk 0:34:27]} Ne6 {[%clk 1:06:00]} 17. Nxd6 {[%clk 0:23:50]} cxd6
{[%clk 1:05:47]} 18. f4 {[%clk 0:23:54]} exf4 {[%clk 1:03:39]} 19. Nxf4
{[%clk 0:24:16]} d5 {[%clk 1:02:59]} 20. exd5 {[%clk 0:21:26]} Nxf4
{[%clk 0:57:02]} 21. Bxf4 {[%clk 0:21:50]} Qxd5 {[%clk 0:56:50]} 22. Qf3
{[%clk 0:20:34]} Qa5 {[%clk 0:55:31]} 23. Qf2 {[%clk 0:16:03]} h5
{[%clk 0:52:12]} 24. Bd2 {[%clk 0:15:50]} Qd5 {[%clk 0:49:23]} 25. Rae1
{[%clk 0:13:41]} hxg4 {[%clk 0:49:07]} 26. hxg4 {[%clk 0:14:09]} Re6
{[%clk 0:46:59]} 27. g5 {[%clk 0:08:27]} Rae8 {[%clk 0:40:47]} 28. Rxe6
{[%clk 0:02:13]} Rxe6 {[%clk 0:37:38]} 29. Qxa7 {[%clk 0:02:22]} c5
{[%clk 0:35:51]} 30. Qb8+ {[%clk 0:01:56]} Be8 {[%clk 0:36:08]} 31. gxf6
{[%clk 0:01:22]} Qd4+ {[%clk 0:36:06]} 32. Rf2 {[%clk 0:01:42]} Qg4+
{[%clk 0:36:05]} 33. Kf1 {[%clk 0:01:29]} Kh7 {[%clk 0:18:22]} 34. Qh2+
{[%clk 0:00:50]} Kg8 {[%clk 0:18:28]} 35. Qb8 {[%clk 0:01:02]} Kh7
{[%clk 0:14:52]} 36. Qh2+ {[%clk 0:01:23]} Kg8 {[%clk 0:12:15]} 1/2-1/2

[Event "WYCC Open U18"]
[Site "Porto Carras"]
[Date "2015.10.26"]
[Round "2.5"]
[White "David, Alexandru-Vasile"]
[Black "Bellahcene, Bilel"]
[Result "0-1"]
[BlackElo "2455"]
[WhiteElo "2340"]
[LiveChessVersion "1.4.6"]

1. d4 {[%clk 1:30:43]} Nf6 {[%clk 1:30:51]} 2. c4 {[%clk 1:30:57]} e6
{[%clk 1:31:17]} 3. Nc3 {[%clk 1:31:13]} Bb4 {[%clk 1:31:43]} 4. Bg5
{[%clk 1:31:38]} h6 {[%clk 1:30:23]} 5. Bh4 {[%clk 1:32:03]} c5 {[%clk 1:30:28]}
6. d5 {[%clk 1:32:29]} d6 {[%clk 1:30:52]} 7. e3 {[%clk 1:32:43]} Bxc3+
{[%clk 1:31:09]} 8. bxc3 {[%clk 1:33:09]} Qe7 {[%clk 1:31:36]} 9. Nf3
{[%clk 1:33:03]} Nbd7 {[%clk 1:32:00]} 10. Nd2 {[%clk 1:29:37]} b6
{[%clk 1:11:27]} 11. Be2 {[%clk 1:10:46]} Bb7 {[%clk 1:09:28]} 12. e4
{[%clk 1:04:09]} O-O-O {[%clk 1:08:25]} 13. O-O {[%clk 1:01:14]} g5
{[%clk 1:07:34]} 14. Bg3 {[%clk 1:00:51]} e5 {[%clk 1:07:37]} 15. a4
{[%clk 0:59:10]} a5 {[%clk 1:07:47]} 16. Rb1 {[%clk 0:58:43]} Kc7
{[%clk 1:08:00]} 17. Qc2 {[%clk 0:54:38]} h5 {[%clk 1:03:13]} 18. f3
{[%clk 0:53:40]} Rb8 {[%clk 0:55:18]} 19. Rb2 {[%clk 0:50:43]} Nf8
{[%clk 0:53:02]} 20. Rfb1 {[%clk 0:49:17]} N6d7 {[%clk 0:52:46]} 21. Nb3
{[%clk 0:46:56]} Ng6 {[%clk 0:51:20]} 22. Qd2 {[%clk 0:44:31]} Ba6
{[%clk 0:48:27]} 23. Nd4 {[%clk 0:33:53]} exd4 {[%clk 0:31:38]} 24. cxd4
{[%clk 0:34:00]} h4 {[%clk 0:21:29]} 25. Bf2 {[%clk 0:32:38]} f6 {[%clk 0:20:11]}
26. Rd1 {[%clk 0:16:42]} Kd8 {[%clk 0:17:51]} 27. Bf1 {[%clk 0:13:12]} Ke8
{[%clk 0:17:00]} 28. dxc5 {[%clk 0:12:17]} dxc5 {[%clk 0:17:14]} 29. g3
{[%clk 0:10:53]} Kf7 {[%clk 0:13:01]} 30. Rc2 {[%clk 0:05:07]} Rbg8
{[%clk 0:11:14]} 31. Bh3 {[%clk 0:05:04]} Kg7 {[%clk 0:08:20]} 32. Bf5
{[%clk 0:04:36]} Qd6 {[%clk 0:06:44]} 33. Rc3 {[%clk 0:03:21]} Bc8
{[%clk 0:06:44]} 34. Bxg6 {[%clk 0:02:55]} Kxg6 {[%clk 0:07:06]} 35. f4
{[%clk 0:03:23]} hxg3 {[%clk 0:05:19]} 36. Rxg3 {[%clk 0:03:46]} Kf7
{[%clk 0:05:29]} 37. e5 {[%clk 0:04:10]} fxe5 {[%clk 0:05:32]} 38. fxg5
{[%clk 0:04:36]} Kg7 {[%clk 0:04:40]} 39. Re3 {[%clk 0:02:18]} Re8
{[%clk 0:02:15]} 40. Bg3 {[%clk 0:32:33]} Rhf8 {[%clk 0:32:29]} 41. Rde1
{[%clk 0:30:28]} Rf5 {[%clk 0:30:07]} 42. h4 {[%clk 0:30:37]} Qg6
{[%clk 0:29:26]} 43. Qe2 {[%clk 0:29:40]} Kh7 {[%clk 0:24:22]} 44. Kh1
{[%clk 0:26:47]} Ref8 {[%clk 0:23:41]} 45. Kg1 {[%clk 0:26:13]} Kg8
{[%clk 0:21:44]} 46. Qd3 {[%clk 0:24:58]} Qh5 {[%clk 0:19:53]} 47. Qe4
{[%clk 0:24:42]} R8f7 {[%clk 0:20:07]} 48. d6 {[%clk 0:23:37]} Nf8
{[%clk 0:19:55]} 49. Bxe5 {[%clk 0:23:32]} Bb7 {[%clk 0:19:56]} 50. d7
{[%clk 0:23:19]} Bxe4 {[%clk 0:18:50]} 0-1

[Event "WYCC Open U18"]
[Site "Porto Carras"]
[Date "2015.10.26"]
[Round "2.6"]
[White "Lai, Hing Ting"]
[Black "Tran, Tuan Minh"]
[Result "1-0"]
[BlackElo "2444"]
[WhiteElo "2334"]
[LiveChessVersion "1.4.6"]

1. d4 {[%clk 1:30:57]} Nf6 {[%clk 1:29:30]} 2. Bg5 {[%clk 1:31:14]} e6
{[%clk 1:29:38]} 3. e4 {[%clk 1:31:26]} h6 {[%clk 1:29:20]} 4. Bxf6
{[%clk 1:31:49]} Qxf6 {[%clk 1:29:46]} 5. Nc3 {[%clk 1:29:59]} Bb4
{[%clk 1:29:00]} 6. Qd2 {[%clk 1:28:29]} Nc6 {[%clk 1:28:05]} 7. e5
{[%clk 1:28:04]} Qe7 {[%clk 1:24:38]} 8. O-O-O {[%clk 1:26:32]} d5
{[%clk 1:21:23]} 9. f4 {[%clk 1:24:33]} Bd7 {[%clk 1:19:03]} 10. Nf3
{[%clk 1:23:53]} O-O-O {[%clk 1:18:34]} 11. Qe3 {[%clk 1:22:49]} g5
{[%clk 1:12:43]} 12. Ne2 {[%clk 1:19:17]} g4 {[%clk 1:12:09]} 13. Ne1
{[%clk 1:18:29]} Ba5 {[%clk 0:57:38]} 14. c3 {[%clk 1:17:22]} Bb6
{[%clk 0:47:35]} 15. Nd3 {[%clk 1:13:07]} h5 {[%clk 0:35:16]} 16. h3
{[%clk 1:12:06]} f5 {[%clk 0:30:33]} 17. exf6 {[%clk 1:10:08]} Qxf6
{[%clk 0:30:58]} 18. g3 {[%clk 1:08:30]} Rdg8 {[%clk 0:19:44]} 19. Bg2
{[%clk 1:05:26]} Ne7 {[%clk 0:19:33]} 20. Ne5 {[%clk 0:46:56]} Bb5
{[%clk 0:18:34]} 21. hxg4 {[%clk 0:45:47]} hxg4 {[%clk 0:18:22]} 22. Nxg4
{[%clk 0:35:43]} Qg6 {[%clk 0:16:04]} 23. Ne5 {[%clk 0:27:37]} Qf6
{[%clk 0:16:23]} 24. Bh3 {[%clk 0:26:06]} Nf5 {[%clk 0:12:26]} 25. Bxf5
{[%clk 0:25:21]} exf5 {[%clk 0:12:37]} 26. Kb1 {[%clk 0:11:05]} Rxh1
{[%clk 0:03:03]} 27. Rxh1 {[%clk 0:11:33]} Bxe2 {[%clk 0:03:12]} 28. Qxe2
{[%clk 0:12:02]} Rxg3 29. Qh5 {[%clk 0:09:42]} Qf8 {[%clk 0:00:44]} 30. Ng6
{[%clk 0:07:20]} Qf6 {[%clk 0:00:59]} 31. Ne7+ {[%clk 0:07:20]} Kd7
{[%clk 0:01:25]} 32. Nxf5 {[%clk 0:06:51]} Qg6 {[%clk 0:00:43]} 33. Qh7+
{[%clk 0:05:36]} Ke6 {[%clk 0:00:32]} 34. Rh6 {[%clk 0:05:47]} Kxf5
{[%clk 0:00:46]} 35. Rxg6 {[%clk 0:06:09]} Rxg6 {[%clk 0:01:12]} 36. Qf7+
{[%clk 0:06:13]} Rf6 {[%clk 0:01:28]} 37. Qxd5+ {[%clk 0:05:39]} Kg6
{[%clk 0:01:52]} 38. Qe4+ {[%clk 0:05:47]} Kg7 {[%clk 0:02:13]} 39. f5
{[%clk 0:05:18]} Kf7 {[%clk 0:02:26]} 40. Qd5+ {[%clk 0:35:27]} Ke7
{[%clk 0:32:54]} 41. Qe5+ {[%clk 0:35:41]} Kf7 {[%clk 0:33:21]} 42. d5
{[%clk 0:34:30]} a5 {[%clk 0:33:14]} 43. c4 {[%clk 0:34:05]} Rd6 {[%clk 0:33:31]}
44. Qc3 {[%clk 0:33:18]} c5 {[%clk 0:33:43]} 45. Qe5 {[%clk 0:33:16]} 1-0

[Event "WYCC Open U18"]
[Site "Porto Carras"]
[Date "2015.10.26"]
[Round "2.7"]
[White "Vavulin, Maksim"]
[Black "Stathopoulos, Ioannis"]
[Result "0-1"]
[BlackElo "2338"]
[WhiteElo "2441"]
[LiveChessVersion "1.4.6"]

1. e4 {[%clk 1:30:57]} c5 {[%clk 1:30:55]} 2. Nf3 {[%clk 1:31:17]} d6
{[%clk 1:31:20]} 3. d4 {[%clk 1:31:41]} cxd4 {[%clk 1:31:45]} 4. Nxd4
{[%clk 1:32:05]} Nf6 {[%clk 1:32:09]} 5. Nc3 {[%clk 1:32:26]} a6 {[%clk 1:32:35]}
6. h3 {[%clk 1:32:29]} e5 {[%clk 1:32:51]} 7. Nb3 {[%clk 1:32:52]} Be6
{[%clk 1:33:10]} 8. Be3 {[%clk 1:31:51]} Be7 {[%clk 1:33:15]} 9. Qf3
{[%clk 1:31:59]} O-O {[%clk 1:33:24]} 10. O-O-O {[%clk 1:32:17]} b5
{[%clk 1:33:47]} 11. g4 {[%clk 1:31:45]} b4 {[%clk 1:33:48]} 12. Nd5
{[%clk 1:31:58]} Nxd5 {[%clk 1:34:09]} 13. exd5 {[%clk 1:32:22]} Bc8
{[%clk 1:34:32]} 14. Bd3 {[%clk 1:27:26]} a5 {[%clk 1:33:50]} 15. Nc5
{[%clk 1:24:40]} Nd7 {[%clk 1:22:33]} 16. Na4 {[%clk 1:23:21]} Ba6
{[%clk 1:20:22]} 17. Bxa6 {[%clk 1:18:50]} Rxa6 {[%clk 1:20:48]} 18. Qe2
{[%clk 1:19:01]} Ra8 {[%clk 1:08:20]} 19. Kb1 {[%clk 1:00:26]} Bg5
{[%clk 1:05:05]} 20. b3 {[%clk 0:57:04]} Bxe3 {[%clk 1:03:40]} 21. fxe3
{[%clk 0:54:40]} Nb6 {[%clk 1:03:15]} 22. Nb2 {[%clk 0:54:39]} Qd7
{[%clk 1:02:06]} 23. e4 {[%clk 0:54:12]} Rfc8 {[%clk 1:02:08]} 24. h4
{[%clk 0:45:38]} a4 {[%clk 1:01:54]} 25. h5 {[%clk 0:38:22]} Rc3 {[%clk 1:01:17]}
26. Nd3 {[%clk 0:32:49]} Qa7 {[%clk 0:40:16]} 27. Nc1 {[%clk 0:24:41]} Nd7
{[%clk 0:38:46]} 28. Rd3 {[%clk 0:21:22]} Rxd3 {[%clk 0:37:01]} 29. Qxd3
{[%clk 0:21:02]} Qf2 {[%clk 0:37:08]} 30. Qc4 {[%clk 0:14:50]} axb3
{[%clk 0:37:14]} 31. Nxb3 {[%clk 0:10:42]} Qa7 {[%clk 0:36:15]} 32. Qxb4
{[%clk 0:05:45]} Qxa2+ {[%clk 0:30:51]} 33. Kc1 {[%clk 0:06:14]} Nc5
{[%clk 0:29:59]} 34. Rh3 {[%clk 0:05:38]} Qa6 {[%clk 0:26:30]} 35. Rc3
{[%clk 0:02:08]} Qf1+ {[%clk 0:23:51]} 36. Kb2 {[%clk 0:01:59]} Nxb3
{[%clk 0:14:43]} 37. Kxb3 {[%clk 0:02:10]} f5 {[%clk 0:13:55]} 38. Rc6
{[%clk 0:00:39]} Qb1+ {[%clk 0:05:51]} 39. Kc3 {[%clk 0:01:03]} Qxb4+
{[%clk 0:06:16]} 40. Kxb4 {[%clk 0:31:26]} fxg4 {[%clk 0:36:34]} 41. Rc3
{[%clk 0:30:14]} Rb8+ {[%clk 0:34:54]} 42. Ka4 {[%clk 0:28:20]} g6
{[%clk 0:34:39]} 43. h6 {[%clk 0:22:19]} Kf7 {[%clk 0:34:50]} 44. Rg3
{[%clk 0:22:08]} g5 {[%clk 0:33:31]} 45. Rxg4 {[%clk 0:22:05]} Kg6
{[%clk 0:33:59]} 46. c4 {[%clk 0:21:31]} Kxh6 {[%clk 0:34:22]} 47. Rg1
{[%clk 0:21:14]} Kg6 {[%clk 0:34:34]} 48. Rc1 {[%clk 0:20:43]} g4
{[%clk 0:34:35]} 49. c5 {[%clk 0:20:54]} dxc5 {[%clk 0:34:48]} 50. Rxc5
{[%clk 0:21:18]} Kg5 {[%clk 0:35:05]} 51. Rc7 {[%clk 0:17:31]} g3
{[%clk 0:34:43]} 52. Rxh7 {[%clk 0:16:02]} Rg8 {[%clk 0:34:34]} 53. Rh1
{[%clk 0:12:15]} g2 {[%clk 0:34:52]} 54. Rg1 {[%clk 0:12:18]} Kf4
{[%clk 0:35:15]} 55. d6 {[%clk 0:12:28]} Kxe4 {[%clk 0:35:38]} 56. d7
{[%clk 0:12:37]} Kf3 {[%clk 0:36:02]} 0-1

[Event "WYCC Open U18"]
[Site "Porto Carras"]
[Date "2015.10.26"]
[Round "2.8"]
[White "Szotkowski, Jakub"]
[Black "Ali Marandi, Cemil Can"]
[Result "0-1"]
[BlackElo "2439"]
[WhiteElo "2328"]
[LiveChessVersion "1.4.6"]

1. d4 {[%clk 1:30:52]} d5 {[%clk 1:30:55]} 2. c4 {[%clk 1:31:08]} c6
{[%clk 1:28:14]} 3. Nf3 {[%clk 1:29:12]} Nf6 {[%clk 1:28:38]} 4. e3
{[%clk 1:29:11]} e6 {[%clk 1:29:02]} 5. b3 {[%clk 1:29:27]} Nbd7 {[%clk 1:29:17]}
6. Bb2 {[%clk 1:29:40]} b6 {[%clk 1:28:37]} 7. Bd3 {[%clk 1:29:41]} Bb7
{[%clk 1:28:15]} 8. O-O {[%clk 1:29:59]} Be7 {[%clk 1:28:07]} 9. Nc3
{[%clk 1:29:47]} c5 {[%clk 1:26:13]} 10. cxd5 {[%clk 1:26:32]} exd5
{[%clk 1:26:05]} 11. Ne5 {[%clk 1:26:24]} O-O {[%clk 1:23:38]} 12. f4
{[%clk 1:24:32]} cxd4 {[%clk 1:21:32]} 13. exd4 {[%clk 1:24:52]} Ne4
{[%clk 1:21:14]} 14. Nxe4 {[%clk 1:25:06]} dxe4 {[%clk 1:21:41]} 15. Bc4
{[%clk 1:25:26]} Nf6 {[%clk 1:22:01]} 16. Qe2 {[%clk 1:23:58]} a6
{[%clk 1:16:58]} 17. a4 {[%clk 1:23:48]} Bb4 {[%clk 1:17:15]} 18. Rac1
{[%clk 1:16:44]} Qe7 {[%clk 1:12:12]} 19. f5 {[%clk 1:12:09]} Kh8
{[%clk 1:04:48]} 20. Rf4 {[%clk 1:05:24]} b5 {[%clk 0:54:40]} 21. axb5
{[%clk 1:04:40]} axb5 {[%clk 0:53:59]} 22. Bxb5 {[%clk 0:57:30]} Ra2
{[%clk 0:54:15]} 23. Bc4 {[%clk 0:51:04]} Nd5 {[%clk 0:42:13]} 24. Rxe4
{[%clk 0:41:47]} Qg5 {[%clk 0:39:09]} 25. Rf1 {[%clk 0:27:01]} Nf6
{[%clk 0:31:37]} 26. Ref4 {[%clk 0:22:54]} Bc3 {[%clk 0:29:29]} 27. Nd3
{[%clk 0:19:25]} Re8 {[%clk 0:24:41]} 28. Qf2 {[%clk 0:12:42]} Ne4
{[%clk 0:21:09]} 29. Bxc3 {[%clk 0:05:11]} Nxf2 {[%clk 0:18:55]} 30. R1xf2
{[%clk 0:03:42]} Rxf2 {[%clk 0:17:16]} 31. Rxf2 {[%clk 0:04:02]} Qe3
{[%clk 0:17:06]} 32. Bb2 {[%clk 0:01:57]} Bd5 {[%clk 0:14:56]} 33. Bxd5
{[%clk 0:00:41]} Qxd3 {[%clk 0:15:19]} 34. g3 {[%clk 0:00:32]} Re1+
{[%clk 0:15:29]} 35. Kg2 {[%clk 0:00:58]} Re2 {[%clk 0:15:55]} 0-1

[Event "WYCC Open U18"]
[Site "Porto Carras"]
[Date "2015.10.26"]
[Round "2.9"]
[White "Ladva, Ottomar"]
[Black "Wu, Christopher"]
[Result "0-1"]
[WhiteElo "2423"]
[BlackElo "2324"]
[PlyCount "160"]
[EventDate "2015.??.??"]
[WhiteClock "0:01:07"]
[BlackClock "0:14:08"]

1. d4 d5 2. c4 dxc4 3. Nf3 Nf6 4. e3 e6 5. Bxc4 c5 6. Qe2 a6 7. dxc5 Bxc5 8.
O-O Nc6 9. a3 Bd6 10. Nbd2 O-O 11. Rd1 Qe7 12. b4 e5 13. e4 Bg4 14. Bb2 Rac8
15. h3 Bh5 16. Qe3 Bb8 17. Qg5 Bxf3 18. Nxf3 Nxe4 19. Qxe7 Nxe7 20. Bb3 Ng6 21.
Re1 Nf6 22. Nxe5 Nxe5 23. Bxe5 Bxe5 24. Rxe5 Rc3 25. Rb1 Re8 26. Rc5 Ne4 27.
Re1 Rxc5 28. bxc5 Kf8 29. Ba4 Re7 30. Rd1 g6 31. c6 bxc6 32. Bxc6 Re6 33. Rd8+
Kg7 34. Bd5 Rd6 35. Rxd6 Nxd6 36. f4 Nb5 37. a4 Nc3 38. Bc6 Ne2+ 39. Kf2 Nxf4
40. Ke3 Ne6 41. Kd3 Kf6 42. Kc4 Ke5 43. Bb7 a5 44. Kb5 Kf4 45. Kb6 Kg3 46. Bc6
Nd4 47. Bf3 Nxf3 48. gxf3 Kxf3 49. Kxa5 Kg3 50. Kb6 f5 51. a5 f4 52. a6 f3 53.
a7 f2 54. a8=Q f1=Q 55. Qa3+ Qf3 56. Qe7 Qh5 57. Qe3+ Kg2 58. Qd2+ Kxh3 59.
Qe3+ Kg2 60. Qd2+ Kg3 61. Qe1+ Kf4 62. Qd2+ Kf5 63. Qd5+ Kf6 64. Qd6+ Kg7 65.
Qe7+ Kh6 66. Qf8+ Kg5 67. Qd8+ Kf4 68. Qd4+ Kf3 69. Qd1+ Ke3 70. Qg1+ Kd3 71.
Qg3+ Ke4 72. Qe1+ Kd5 73. Qd2+ Ke6 74. Qe3+ Kf7 75. Qb3+ Kg7 76. Qc3+ Kh6 77.
Qe3+ g5 78. Ka5 Qf7 79. Qh3+ Kg6 80. Kb4 Qe7+ 0-1

[Event "WYCC Open U18"]
[Site "Porto Carras"]
[Date "2015.10.26"]
[Round "2.10"]
[White "Jarmula, Lukasz"]
[Black "Garriga Cazorla, Pere"]
[Result "1-0"]
[BlackElo "2422"]
[WhiteElo "2321"]
[LiveChessVersion "1.4.6"]

1. e4 {[%clk 1:30:58]} c5 {[%clk 1:30:51]} 2. Nf3 {[%clk 1:31:23]} d6
{[%clk 1:31:09]} 3. d4 {[%clk 1:31:48]} cxd4 {[%clk 1:31:35]} 4. Nxd4
{[%clk 1:32:14]} Nf6 {[%clk 1:31:58]} 5. Nc3 {[%clk 1:32:39]} a6 {[%clk 1:32:24]}
6. Bg5 {[%clk 1:33:00]} Nbd7 {[%clk 1:32:48]} 7. Qe2 {[%clk 1:33:24]} g6
{[%clk 1:31:52]} 8. O-O-O {[%clk 1:32:36]} Bg7 {[%clk 1:29:14]} 9. h4
{[%clk 1:31:43]} h5 {[%clk 1:24:16]} 10. Kb1 {[%clk 1:18:26]} Qc7
{[%clk 1:20:58]} 11. g4 {[%clk 1:17:34]} hxg4 {[%clk 1:18:03]} 12. h5
{[%clk 1:17:22]} Rxh5 {[%clk 1:18:12]} 13. Rxh5 {[%clk 1:16:48]} gxh5
{[%clk 1:18:36]} 14. Nf5 {[%clk 1:11:15]} Bf8 {[%clk 1:18:46]} 15. Bg2
{[%clk 1:05:11]} e6 {[%clk 1:10:56]} 16. e5 {[%clk 1:04:14]} dxe5
{[%clk 1:02:04]} 17. Ng3 {[%clk 1:03:52]} Be7 {[%clk 0:57:28]} 18. Qd2
{[%clk 0:52:26]} Nc5 {[%clk 0:22:22]} 19. Bxf6 {[%clk 0:47:38]} Bxf6
{[%clk 0:22:04]} 20. Nxh5 {[%clk 0:46:10]} Be7 {[%clk 0:18:16]} 21. Ng7+
{[%clk 0:45:56]} 1-0

[Event "WYCC Open U18"]
[Site "Porto Carras"]
[Date "2015.10.26"]
[Round "2.11"]
[White "Iovcov, Valerii"]
[Black "Huber, Martin Christian"]
[Result "1/2-1/2"]
[BlackElo "2312"]
[WhiteElo "2421"]
[LiveChessVersion "1.4.6"]

1. e4 {[%clk 1:30:53]} c5 {[%clk 1:30:49]} 2. Nf3 {[%clk 1:31:01]} e6
{[%clk 1:31:15]} 3. d4 {[%clk 1:31:02]} cxd4 {[%clk 1:31:39]} 4. Nxd4
{[%clk 1:31:20]} Nc6 {[%clk 1:32:35]} 5. Nc3 {[%clk 1:31:55]} Qc7
{[%clk 1:33:22]} 6. Be3 {[%clk 1:32:01]} a6 {[%clk 1:33:42]} 7. Qd2
{[%clk 1:32:05]} Nf6 {[%clk 1:34:00]} 8. f3 {[%clk 1:31:02]} Ne5 {[%clk 1:30:35]}
9. O-O-O {[%clk 1:25:31]} b5 {[%clk 1:27:35]} 10. g4 {[%clk 1:25:09]} h6
{[%clk 1:25:29]} 11. Kb1 {[%clk 1:14:23]} b4 {[%clk 1:19:22]} 12. Na4
{[%clk 1:12:59]} d5 {[%clk 1:19:30]} 13. Bf4 {[%clk 1:10:24]} Bd6
{[%clk 1:17:03]} 14. exd5 {[%clk 1:03:23]} exd5 {[%clk 1:05:57]} 15. Bb5+
{[%clk 0:53:51]} Kf8 {[%clk 0:54:16]} 16. Be2 {[%clk 0:36:22]} Bd7
{[%clk 0:49:31]} 17. b3 {[%clk 0:21:03]} Bxa4 {[%clk 0:38:08]} 18. Bxe5
{[%clk 0:21:06]} Bxe5 {[%clk 0:38:11]} 19. Qxb4+ {[%clk 0:21:32]} Qe7
{[%clk 0:37:44]} 20. Qxe7+ {[%clk 0:21:31]} Kxe7 {[%clk 0:38:10]} 21. bxa4
{[%clk 0:21:54]} Rhb8+ {[%clk 0:33:48]} 22. Nb3 {[%clk 0:22:20]} Rb4
{[%clk 0:26:43]} 23. a5 {[%clk 0:20:46]} d4 {[%clk 0:26:26]} 24. Rhe1
{[%clk 0:16:57]} Nd5 {[%clk 0:24:51]} 25. f4 {[%clk 0:13:56]} Bxf4
{[%clk 0:20:07]} 26. Bf3+ {[%clk 0:14:14]} Kd6 {[%clk 0:20:28]} 27. Bxd5
{[%clk 0:13:12]} Kxd5 {[%clk 0:20:55]} 28. c3 {[%clk 0:10:09]} Rc4
{[%clk 0:19:32]} 29. h3 {[%clk 0:09:41]} Be5 {[%clk 0:17:38]} 30. cxd4
{[%clk 0:09:37]} Bf6 {[%clk 0:16:56]} 31. Rf1 {[%clk 0:09:44]} Rb8
{[%clk 0:14:54]} 32. Rf5+ {[%clk 0:09:54]} Kd6 {[%clk 0:14:37]} 33. h4
{[%clk 0:06:26]} Rb7 {[%clk 0:10:59]} 34. g5 {[%clk 0:02:31]} hxg5
{[%clk 0:11:23]} 35. hxg5 {[%clk 0:02:58]} Bxd4 {[%clk 0:09:26]} 36. Rf4
{[%clk 0:03:25]} Ke5 {[%clk 0:09:29]} 37. Rdf1 {[%clk 0:03:52]} Rcc7
{[%clk 0:08:12]} 38. Rxd4 {[%clk 0:01:40]} Rxb3+ {[%clk 0:08:38]} 39. axb3
{[%clk 0:01:57]} Kxd4 {[%clk 0:09:07]} 40. Kb2 {[%clk 0:31:59]} Ke5
{[%clk 0:34:41]} 41. b4 {[%clk 0:28:59]} f6 {[%clk 0:27:33]} 42. gxf6
{[%clk 0:28:40]} gxf6 {[%clk 0:28:01]} 43. Ra1 {[%clk 0:27:41]} f5
{[%clk 0:24:21]} 44. b5 {[%clk 0:27:07]} axb5 {[%clk 0:23:55]} 45. a6
{[%clk 0:27:31]} Ra7 {[%clk 0:24:20]} 46. Kc3 {[%clk 0:27:57]} f4
{[%clk 0:21:00]} 47. Kb4 {[%clk 0:28:23]} f3 {[%clk 0:21:26]} 48. Kxb5
{[%clk 0:28:47]} Kf4 {[%clk 0:21:48]} 1/2-1/2